Traduis le mot de l'anglais #1 - Statistiques

Statistiques générales
  • Ce quiz a été pris 392 fois
  • Le résultat moyen est 13 sur 15
Statistiques - réponses
Anglais Français % Correct
Cat Chat
100%
Dog Chien
100%
Rabbit Lapin
99%
Bear Ours
98%
Fish Poisson
97%
Mouse Souris
96%
Butterfly Papillon
95%
Snake Serpent
95%
Bee Abeille
94%
Frog Grenouille
94%
Shark Requin
89%
Bird Oiseau
85%
Ant Fourmi
64%
Racoon Raton laveur
56%
Moose Orignal
20%
Aucun quiz correspondant
Distribution des résultats
% des personnes avec chaque résultat
Percentile par nombre de réponses
Votre historique - résultats
Vous n’avez pas pris ce quiz